Who Am I? Religious Figures Quiz Stats

 Plays Quiz Updated Jul 31, 2017

Support Sporcle.
Go Orange.
Score 0/24 Timer 06:00
5 Plays Today
% Correct
Moses
82.5%
Joseph Smith
81.7%
Patrick
79.7%
Osiris
77.4%
Shiva
74.2%
Persephone (Kore)
72.9%
Dionysus (Bacchus)
69.6%
Ishmael
65.8%
Xipe Totec (Tlatlauhca)
64.4%
Izanami-no-Mikoto
63.6%
Wenchang Wang (Wenchang Dijun)
60.8%
Haile Selassie I
60.4%
% Correct
Catherine of Alexandria
56.1%
Sigurd (Siegfried)
55.4%
Baldr (Baldur)
54.5%
Igaluk
42.9%
Cú Chulainn
42.9%
Kokopelli
37%
Ranginui (Rangi, Raki)
34.1%
Inanna (Ishtar)
33.7%
Pele
32.8%
Enlil
31.7%
Donn
29.7%
Kukulkan
22.2%

You're not logged in!

Compare scores with friends on all Sporcle quizzes.
OR
Log In
Forgot?

From the Vault

Logical Logic Puzzle

by puckett86

This quiz is so logical it's positively Vulcan.
Remove Ads.
Support Sporcle.
Get the best of Sporcle when you Go Orange. This ad-free experience offers more features, more stats, and more fun while also helping to support Sporcle. Thank you for becoming a member.

Show Comments

Extras

Top Quizzes Today


Score Distribution

Your Account Isn't Verified!

In order to create a playlist on Sporcle, you need to verify the email address you used during registration. Go to your Sporcle Settings to finish the process.

Report this User

Report this user for behavior that violates our Community Guidelines.

Details: